000 00962nam a2200301Ia 4500
003 OSt
005 20220912145400.0
006 a|||||r|||| 00| 0
007 ta
008 220909b |||||||| |||| 00| 0 eng d
020 _a1580535313 (hbd)
024 _a77911
037 _b1888, 28/03/2007, Unilib Book Distributors
037 _cTextbook
040 _aCSL
_beng
_cCSL
041 _aeng
082 _aD65,8(B):(894), P4 TD
100 _aAxelrod C Warren
245 0 _aOutsourcing information security
260 _aBoston
_bArtech House
_c2004
300 _axxvi, 248p.
_ccm.
490 _aArtech house computer security series
500 _aIncludes bibliographical references.; Index 237-248p.
650 _a Outsourcing information security
650 _aComputer Science
942 _hD65,8(B):(894), P4 TD
_cTB
_2CC
999 _c30325
_d30325